| 000 | 00567nam a2200193Ia 4500 | ||
|---|---|---|---|
| 005 | 20250508154658.0 | ||
| 008 | 008 250505s9999 xx 000 0 eng d | ||
| 037 | _aTextual | ||
| 040 |
_aFEDL _beng _cFEDL |
||
| 041 |
_aeng _2eng |
||
| 084 |
_a510.947, LAS _qFEDL |
||
| 100 |
_aLaSalle J P Ed. _9765848 |
||
| 245 | 0 | _aRecent soviet contributions to mathematics | |
| 260 |
_aNew York, USA _bThe Macmillan Company _c1962 |
||
| 300 | _aviii,324p | ||
| 700 |
_a Lefschetz S Ed. _9765849 |
||
| 942 |
_cTEXL _h510.947, LAS |
||
| 999 |
_c1351558 _d1351558 |
||